| 000 | 01563cam a2200373 i 4500 | ||
|---|---|---|---|
| 001 | 18943755 | ||
| 003 | NUST | ||
| 005 | 20221027155252.0 | ||
| 008 | 151224s2015 ii a 000 0 eng d | ||
| 010 | _a 2015357462 | ||
| 020 | _a9789351776895 (hardback) | ||
| 020 | _a9351776891 (hardback) | ||
| 020 | _z9789351776901 (E-ISBN) | ||
| 025 | _aI-E-2015357462 | ||
| 035 | _a(OCoLC)ocn933430784 | ||
| 035 | _a(OCoLC)933430784 | ||
| 037 | _bLibrary of Congress -- New Delhi Overseas Office | ||
| 040 |
_aDKAGE _beng _erda _cDKAGE _dDLC |
||
| 042 |
_alccopycat _alcode |
||
| 043 | _aa-ii--- | ||
| 050 | 0 | 0 |
_aQB498.2.I4 _bF76 2015 |
| 082 | 0 | 4 |
_a500.50954,FRO _223 |
| 245 | 0 | 0 |
_aFrom fishing hamlet to red planet : _bIndia's space journey / _cchief editor, P.V. Manoranjan Rao ; associate editors, B.N. Suresh, V.P. Balagangadharan. |
| 264 | 1 |
_aNoida, Uttar Pradesh, India : _bHarperCollins Publishers India, _c2015. |
|
| 300 |
_axlv, 689 pages : _billustrations (black and white) ; _c25 cm |
||
| 337 | _bn | ||
| 505 | _aPart-1: The Beginnings (Page-3), Part-2: Rockets (Page-69), Part-3: Satellites (Page-257), Part-4: On the Ground (Page-365), Part-5: Applications (Page-417), Part-6: ISRO and Industry (Page-503), Part-7: International Relations (Page-525). | ||
| 610 | 2 | 0 |
_aIndian Space Research Organisation. _9101560 |
| 650 | 0 |
_aSpace sciences _zIndia. _9101561 |
|
| 700 | 1 |
_aManoranjan Rao, P. V., _eeditor. _9101562 |
|
| 906 |
_a7 _bcbc _ccopycat _d3 _encip _f20 _gy-gencatlg |
||
| 942 |
_2ddc _cBK _k500.50954,FRO |
||
| 999 |
_c592064 _d592064 |
||